00670nam a2200193Ia 4500952013100000999001700131003000400148005001700152008004100169020001800210040000900228082001800237100003200255245007200287260004600359300000900405650002000414942004200434 00102ddc40708ISLAMaMESbMEScISLd2019-02-20g421.00l0o297.12 ALA/Sp38782r2019-02-20 00:00:00w2019-02-20yBKzGL49R4 c23432d23432OSt20200512111829.0190216s9999||||xx |||||||||||||| ||und|| a9789839154276 coclc a297.12bALA/S aAl-A Zami, M Mustafa 92212 0aStudies In Hadith Methodology And Literature /cM Mustafa Al-A Zami bIslamic Book Trust,c2002.aKuala Lumpur: a155p aIslamic History cBK2ddch297.12iALA/Sk297.12mALA/S